书目信息 |
| 题名: |
新编研究生综合英语教程
|
|
| 作者: | 张敬源 , 赵纬 主编 | |
| 分册: | 教学参考书 | |
| 出版信息: | 北京 清华大学出版社 2003.08 |
|
| 页数: | 130页 | |
| 开本: | 24cm | |
| 丛书名: | ||
| 单 册: | ||
| 中图分类: | H31-42 | |
| 科图分类: | ||
| 主题词: | 英语--ying yu--研究生教育--教学参考资料 | |
| 电子资源: | ||
| ISBN: | 7-302-06835-6 | |
| 000 | 00850nam0 2200253 450 | |
| 001 | CAL 012003149974 | |
| 005 | 20060605165042.53 | |
| 010 | @a7-302-06835-6@dCNY 13.80 | |
| 099 | @aCAL 012003149974 | |
| 100 | @a20030410d2003 em y0chiy0121 ea | |
| 101 | 0 | @achi@aeng |
| 102 | @aCN@b110000 | |
| 200 | 1 | @a新编研究生综合英语教程@AXin Bian Yan Jiu Sheng Zong He Ying Yu Jiao Cheng@i教学参考书@f赵纬, 张敬源主编@g编者许芳...[等] |
| 210 | @a北京@c清华大学出版社@d2003.08 | |
| 215 | @a130页@c图@d24cm | |
| 517 | 1 | @a研究生综合英语教程@AYan Jiu Sheng Zong He Ying Yu Jiao Cheng |
| 606 | 0 | @a英语@Aying yu@x研究生教育@j教学参考资料 |
| 690 | @aH31-42@v4 | |
| 701 | 0 | @a张敬源@Azhang jing yuan@4主编 |
| 701 | 0 | @a赵纬@Azhao wei@4主编 |
| 801 | 2 | @aCN@bSEU@c20060605 |
| 801 | 0 | @aCN@bSJT@c20030930 |
| 905 | @dH31-42@eZ333 | |
| 906 | @dCNY 13.80@n3@r1 | |
| 新编研究生综合英语教程.教学参考书/赵纬, 张敬源主编/编者许芳...[等].-北京:清华大学出版社,2003.08 |
| 130页:图;24cm |
| ISBN 7-302-06835-6:CNY 13.80 |
| ● |
| 相关链接 |
|
|
|
正题名:新编研究生综合英语教程
索取号:H31-42/Z333
 
预约/预借
| 序号 | 登录号 | 条形码 | 馆藏地/架位号 | 状态 | 备注 |
| 1 | 606339 | 206063392 | 语言库209/209语言库 93排1列5层/ [索取号:H31-42/Z333] | 在馆 | |
| 2 | 606340 | 206063409 | 语言库209/209语言库 93排1列5层/ [索取号:H31-42/Z333] | 在馆 | |
| 3 | 606341 | 206063418 | 语言库209/209语言库 93排1列5层/ [索取号:H31-42/Z333] | 在馆 |